000 00534nam a2200181 a 4500
001 000036559
005 20200930075810.0
008 120120s1993 mx 000 0 spa d
020 _a9684112130
040 _aDO-SdBNP
_bspa
_cBNPHU
100 1 _aLezama Lima, José
_92506
245 1 0 _aOppiano Licario /
_cJosé Lezama Lima.
260 _aMéxico :
_bEdiciones Era,
_c1993.
300 _a232 p. ;
_c20 cm.
490 1 _aBiblioteca Era
_aSerie Claves
500 _aTercera reimpresión
830 0 _aBiblioteca Era
_pSerie Claves
_962820
999 _c36050
_d36050